عرض عادي
عرض مارك
- Williams, John,
مدخل إسم شخص
001 - رقم الضبط
- حقل الضبط: 41008
003 - معرف رقم الضبط
- حقل الضبط: OSt
005 - تاريخ ووقت أخر عملية
- حقل الضبط: 20131213181947.0
008 - عناصر بيانات ثابتة الطول
- حقل تحكم ثابت الطول: 131213|||a|||||| | ||| d
040 ## - مصدر الفهرسة
- هيئة الفهرسة الأصلية: OSt
- وكالة الكتابة: OSt
100 ## - مدخل -- أسم شخص
- إسم شخص: Williams, John,
- تواريخ مرتبطة بالاسم: 1936-
670 ## - بيانات المصدر موجوده
- الاستشهاد بالمصدر: Work cat.: (OSt)0: Williams, John, 1936-, ICT & primary mathematics /, 2004.
